|
|
|
|
| LEADER |
00000naa a2200000uu 4500 |
| 001 |
vtls011085365 |
| 003 |
SK-MaSNL |
| 005 |
20260302105155.0 |
| 008 |
210905|2003 xo |||||||||||||||||pol| |
| 015 |
|
|
|a SNBRA
|
| 035 |
|
|
|a (urnnbn)urn:nbn:sk:snk:ar-a0clyd
|
| 035 |
|
|
|a (uuid)3385ba79-77d1-498f-8b36-858d6280b605
|
| 035 |
|
|
|a urn:nbn:sk:snk-aavru6
|
| 040 |
|
|
|a SNKBUCL
|b slo
|c SNKBUCL
|e AACR2
|
| 041 |
0 |
|
|a pol
|
| 044 |
|
|
|a xo
|c SK
|
| 100 |
1 |
|
|a Maria, Pytlarz-Kozicka
|4 aut
|9 783447
|
| 245 |
1 |
0 |
|a THE EFFECT OF NITROGEN FERTILIZATION AND PLANT PROTECTION TREATMENT ON SUGAR BEET YIELDING
|c Maria Pytlarz-Kozicka
|
| 773 |
0 |
|
|t V. celoslovenská vedecká repárska konferencia
|d V Nitre : Slovenská poľnohospodárska univerzita, 2003
|g S. 171-175
|z 8080692807
|
| 958 |
|
|
|a OND
|
| 958 |
|
|
|a article12
|
| 958 |
|
|
|a chapter
|
| 999 |
|
|
|c 1237656
|d 1239586
|